<?xml version="1.0" encoding="UTF-8"?>
<record
    xmlns:xsi="http://www.w3.org/2001/XMLSchema-instance"
    xsi:schemaLocation="http://www.loc.gov/MARC21/slim http://www.loc.gov/standards/marcxml/schema/MARC21slim.xsd"
    xmlns="http://www.loc.gov/MARC21/slim">

  <leader>05301cam a22004574i 4500</leader>
  <controlfield tag="003">PE-LiUPU</controlfield>
  <controlfield tag="005">20250731165418.0</controlfield>
  <controlfield tag="008">151211s2013    pe     grm    000 0 spa d</controlfield>
  <datafield tag="035" ind1=" " ind2=" ">
    <subfield code="a">(Sirsi) a155482</subfield>
  </datafield>
  <datafield tag="040" ind1=" " ind2=" ">
    <subfield code="a">PE-LiUPU</subfield>
    <subfield code="b">spa</subfield>
    <subfield code="c">PE-LiUPU</subfield>
    <subfield code="e">rda</subfield>
  </datafield>
  <datafield tag="082" ind1="0" ind2="4">
    <subfield code="a">227.7</subfield>
    <subfield code="b">H21 T3</subfield>
  </datafield>
  <datafield tag="099" ind1=" " ind2=" ">
    <subfield code="a">TT 3</subfield>
    <subfield code="b">H21 2013</subfield>
  </datafield>
  <datafield tag="100" ind1="1" ind2=" ">
    <subfield code="a">Hanco Torres, Jes&#xFA;s</subfield>
    <subfield code="e">autor</subfield>
  </datafield>
  <datafield tag="245" ind1="1" ind2="3">
    <subfield code="a">El significado de cheirographon tois dogmasin en el contexto de Colosenses 2:6-15 /</subfield>
    <subfield code="c">Jes&#xFA;s Hanco Torres.</subfield>
  </datafield>
  <datafield tag="264" ind1=" " ind2="0">
    <subfield code="c">2013.</subfield>
  </datafield>
  <datafield tag="300" ind1=" " ind2=" ">
    <subfield code="a">153 hojas </subfield>
    <subfield code="c">30 cm</subfield>
  </datafield>
  <datafield tag="336" ind1=" " ind2=" ">
    <subfield code="a">text</subfield>
    <subfield code="2">rdacontent</subfield>
  </datafield>
  <datafield tag="337" ind1=" " ind2=" ">
    <subfield code="a">unmediated</subfield>
    <subfield code="2">rdamedia</subfield>
  </datafield>
  <datafield tag="338" ind1=" " ind2=" ">
    <subfield code="a">volume</subfield>
    <subfield code="2">rdacarrier</subfield>
  </datafield>
  <datafield tag="502" ind1=" " ind2=" ">
    <subfield code="a">Tesis</subfield>
    <subfield code="b">(Mg.) -- </subfield>
    <subfield code="c">Universidad Peruana Uni&#xF3;n,</subfield>
    <subfield code="d">2013.</subfield>
  </datafield>
  <datafield tag="504" ind1=" " ind2=" ">
    <subfield code="a">Incluye referencias</subfield>
  </datafield>
  <datafield tag="520" ind1="3" ind2=" ">
    <subfield code="a">Esta investigaci&#xF3;n es un estudio exeg&#xE9;tico de Col. 2:6-15, que se basa en tres tipos de an&#xE1;lisis: (1) el estudio de las palabras griegs cherographon y dogmasin en la literatura b&#xED;blica, la LXX y la literatura seudoepigr&#xE1;fica, (2) el an&#xE1;lisis de escritos e inscripciones hist&#xF3;ricas acerca de la ciudad de Colosas previos al 1000 d.C., y (3) el an&#xE1;lisis literario de la frase cheirographon tois dogmasin en el contexto de Colosenses 2:6-15. Ante la existencia de una diversidad de interpretaciones para el significado de la expresi&#xF3;n griega cheirographon tois dogmasin, como un registro celestial de pecados humanos, un documento legal de deuda, una referencia a la Ley de Mois&#xE9;s un contrato realizado entre el hombre y el diablo, entre otros, se hace necesario realizar un an&#xE1;lisis de la frase basado en una ex&#xE9;gesis de la per&#xED;copa de Colosenses 2:6-15, y poder dar una propuesta exeg&#xE9;tica al significado de dicha frase. As&#xED; el presente estudio intenta responder a la pregunta &#xBF;Cu&#xE1;l es el significado de la frase cheirographon tois dogmasin en el contexto de Col 2:6-15?. A trav&#xE9;s de la historia cristiana, se puede vislumbrar una diversidad de interpretaciones respecto a la naturaleza de la frase: cheirographon tois dogmasin, la cual podr&#xED;a ser clasificada en 4 aproximaciones: La primera aproximaci&#xF3;n la identifica como un registro celestial de los pecados humanos, esta interpretaci&#xF3;n surge en la &#xE9;poca de la patr&#xED;stica, donde Pelagio argumentaba que dicho "documento" era como un memorial, en el cual se hallaban escritos los pecados de toda la humanidad. As&#xED; autores como James Dunn, Markus Barth, Helmut Blanke, Wesley Carr, Evertt F. Harrison, Ralph Martin, Jhon Barclay, R. Kent Hughes, Paul E. Deterding, entre otros interpretan a la frase en an&#xE1;lisis como una met&#xE1;fora que representa un registro celestial, en el cual de hallan escritos todos los pecados cometidos por la humanidad. La segunda aproximaci&#xF3;n la identifica como un documento legal de deuda a modo de un "pagar&#xE9;", mostrando as&#xED; una clara relaci&#xF3;n de deudor y acreedor. Esto basado en la aparici&#xF3;n de algunos pasajes de la LXX.  Donde cheirographon aparece en un contexto de deuda. As&#xED;, el cheirographon vendr&#xED;a a ser un reconocimiento firmado de la deuda de la humanidad ante Dios, similar a un pagar&#xE9;, en donde se hallan contenidas las cl&#xE1;usulas penales. Y por otro lado, la frase tois dogmain ser&#xED;a una referencia a la Ley de Mois&#xE9;s y a la Ley de la conciencia, cuya desobediencia a ellas provoc&#xF3; la deuda. De modo que, en la cruz es anulado el certificado de deuda y no la Ley de Mois&#xE9;s. La tercera aproximaci&#xF3;n la identifica como una referencia a la Ley de Mois&#xE9;s. En esta se presenta a la Ley como un acusador de los transgresores, convirti&#xE9;ndose de ese modo en un "documento  de deuda", raz&#xF3;n por a cual Cristo la tuvo que eliminar. Esta aproximaci&#xF3;n fue sostenida desde la patr&#xED;stica por Severiano de G&#xE1;bala y en los periodos modernos por Joseph Lihtfoot, quien interpreta el cheirographon a la luz de la declaraci&#xF3;n de Dt 27:14-26, donde se hace una referencia al contrato realizado entre Dios y el pueblo de Israel, incluyendo dentro del documento las maldiciones que recaer&#xED;an en todo aquel que no cumpliese el contrato de obedecer a la Ley de Dios. La cuarta aproximaci&#xF3;n la identifica como un contrato, hallado en las manos del diablo, y que fue realizado entre el demonio y el hombre. Dicha propuesta aparece dentro de la &#xE9;poca patr&#xED;stica, en las Catequesis bautismales de Juan Cris&#xF3;stomo. M&#xE1;s adelante, Agust&#xED;n a&#xF1;ade que dicho documento era un certificado de servidumbre que el diablo mismo pose&#xED;a. Y aunque dicho pliego fue retenido por el diablo, incrementado por causa de los pecados de la humanidad, fue finalmente eliminado por Jes&#xFA;s con su muerte en la cruz. Esta aproximaci&#xF3;n es sostenida con algunas variantes por estudiosos de la literatura ap&#xF3;crifa del medioevo, entre los cuales destacan: Michael Stone, Brian Murdoch y C.W. Marx.</subfield>
  </datafield>
  <datafield tag="526" ind1=" " ind2=" ">
    <subfield code="a">SEG44</subfield>
  </datafield>
  <datafield tag="526" ind1=" " ind2=" ">
    <subfield code="a">SEG26</subfield>
  </datafield>
  <datafield tag="526" ind1=" " ind2=" ">
    <subfield code="a">P151</subfield>
  </datafield>
  <datafield tag="526" ind1=" " ind2=" ">
    <subfield code="a">P150</subfield>
  </datafield>
  <datafield tag="526" ind1=" " ind2=" ">
    <subfield code="a">P149</subfield>
  </datafield>
  <datafield tag="526" ind1=" " ind2=" ">
    <subfield code="a">P146</subfield>
  </datafield>
  <datafield tag="526" ind1=" " ind2=" ">
    <subfield code="a">P145</subfield>
  </datafield>
  <datafield tag="526" ind1=" " ind2=" ">
    <subfield code="a">P126</subfield>
  </datafield>
  <datafield tag="526" ind1=" " ind2=" ">
    <subfield code="a">P125</subfield>
  </datafield>
  <datafield tag="526" ind1=" " ind2=" ">
    <subfield code="a">P92</subfield>
  </datafield>
  <datafield tag="526" ind1=" " ind2=" ">
    <subfield code="a">P75</subfield>
  </datafield>
  <datafield tag="526" ind1=" " ind2=" ">
    <subfield code="a">P74</subfield>
  </datafield>
  <datafield tag="526" ind1=" " ind2=" ">
    <subfield code="a">P27</subfield>
  </datafield>
  <datafield tag="526" ind1=" " ind2=" ">
    <subfield code="a">P15</subfield>
  </datafield>
  <datafield tag="650" ind1="1" ind2="4">
    <subfield code="a">Biblia</subfield>
    <subfield code="p">N.T.</subfield>
    <subfield code="p">Colosenses 2</subfield>
    <subfield code="x">Comentarios</subfield>
    <subfield code="v">Tesis.</subfield>
  </datafield>
  <datafield tag="596" ind1=" " ind2=" ">
    <subfield code="a">1</subfield>
  </datafield>
  <datafield tag="942" ind1=" " ind2=" ">
    <subfield code="2">ddc</subfield>
    <subfield code="c">TESIS</subfield>
  </datafield>
  <datafield tag="999" ind1=" " ind2=" ">
    <subfield code="a">TT 3 H21 2013</subfield>
    <subfield code="w">ALPHANUM</subfield>
    <subfield code="c">8160</subfield>
    <subfield code="i">T01383</subfield>
    <subfield code="l">CCODEBUL3</subfield>
    <subfield code="m">BUL</subfield>
    <subfield code="r">1</subfield>
    <subfield code="s">Y</subfield>
    <subfield code="t">TESIS</subfield>
    <subfield code="u">2015-12-11</subfield>
    <subfield code="x">POSGRADO</subfield>
    <subfield code="P">P85</subfield>
    <subfield code="o">.STAFF. Tesis</subfield>
    <subfield code="d">8160</subfield>
  </datafield>
  <datafield tag="980" ind1=" " ind2=" ">
    <subfield code="8">1</subfield>
    <subfield code="g">ALBERTO SANCHEZ Responsable de Automatizaci&#xF3;n</subfield>
  </datafield>
  <datafield tag="952" ind1=" " ind2=" ">
    <subfield code="r">2024-11-19 19:15:00</subfield>
    <subfield code="l">0</subfield>
    <subfield code="o">TT 3 H21 2013</subfield>
    <subfield code="p">T01383</subfield>
    <subfield code="t">e1</subfield>
    <subfield code="w">2015-12-11</subfield>
    <subfield code="x">PG</subfield>
    <subfield code="y">TESIS</subfield>
    <subfield code="z">Este &#xCD;tem NO se presta por ser Ejemplar #1.</subfield>
    <subfield code="1">0</subfield>
    <subfield code="2">ddc</subfield>
    <subfield code="7">1</subfield>
    <subfield code="8">TESIS</subfield>
    <subfield code="f">P85</subfield>
    <subfield code="a">BUL</subfield>
    <subfield code="b">BUL</subfield>
    <subfield code="c">TESIS</subfield>
    <subfield code="d">2015-12-11</subfield>
  </datafield>
</record>
